000 01259nam a2200361 a 4500
001 000107644
003 CHAP
005 20220329143938.0
008 130529s2011 mx a grm 000 0 spa d
010 _a104106
011 _a105078
040 _cCHAP
090 _aTesis
100 1 _aRauda Ortiz, José
_9124385
245 1 0 _aSistemas de producción químico y biológico del aguacatero hass en la Sierra de Tecpan de Galeana, Gro. /
_cJosé Rauda Ortiz.
260 _aCocula, Gro. :
_bEl autor,
_c2011.
300 _axiii, 118 p. :
_bil.
502 _aTesis (Ing. Agr. Fitotecnista) -- Colegio Superior Agropecuario del Estado de Guerrero
590 _aBATCH-UPD
_b10
_c20130913
_lUCH01
_h1848
590 _aE11694LHA
_b10
_c20130529
_lUCH01
_h1020
590 _aE11694LHA
_b10
_c20130529
_lUCH01
_h1039
590 _aE11694LHA
_b10
_c20130529
_lUCH01
_h1044
590 _aE11694LHA
_b10
_c20130529
_lUCH01
_h1044
590 _aE11694LHA
_b10
_c20130529
_lUCH01
_h1123
590 _aE11695DGD
_b10
_c20141109
_lUCH01
_h1509
590 _aE11695DGD
_b10
_c20150210
_lUCH01
_h0925
650 4 _aAguacate
_xAnálisis.
_92492
650 4 _aAguacate
_xEnfermedades.
_92510
650 4 _aAguacate
_zGuerrero.
_9175519
901 _aBK
942 _cTESIS
942 _n0
999 _c104106
_d104106